Liga Portugal Teams 2025/26 - Statistics

General Stats
  • This quiz has been taken 42 times
  • The average score is 11 of 18
Answer Stats
Answer % Correct
FC Porto
100%
SL Benfica
100%
Sporting CP
100%
SC Braga
93%
Vitória Guimarães SC
78%
CD Santa Clara
66%
FC Famalicão
61%
Casa Pia AC
56%
CD Tondela
56%
Gil Vicente FC
56%
Rio Ave FC
56%
CD Nacional
54%
Moreirense FC
54%
FC Arouca
51%
CF Estrela Amadora
49%
FC Alverca
46%
GD Estoril Praia
44%
Avs Futebol
17%
No matching quizzes found
Score Distribution
Percent of People with Each Score
Percentile by Number Answered
Your Score History
You have not taken this quiz